Yüklüyor......

Library science: Prospects in 21st century /

Detaylı Bibliyografya
Yazar: Arunima Baruah
Materyal Türü: Printed Book
Dil:English
Baskı/Yayın Bilgisi: New Delhi: Kilaso Books, 2004.
LEADER 00723nam a2200145Ia 4500
008 121027s9999 xx 000 0 eng d
020 |a 8179080056 
082 |b ARU/L 
100 |a Arunima Baruah 
245 |a Library science: Prospects in 21st century / 
260 |a New Delhi:  |b Kilaso Books,  |c 2004. 
300 |a 305p 
505 |a 1. Scenario in India 2. Work and its domain 3. Information and its standards 4. Various categories 5. University and college libraries 6. Libraries in schools 7. Educational aspects 8. Training culture 9. Language proficiency 10. Professional lib 
999 |c 54430  |d 54430 
952 |0 0  |1 0  |4 0  |6 020_ARU_L  |7 0  |9 54408  |a UL  |b UL  |c ST1  |d 2012-10-27  |l 2  |o 020, ARU/L  |p 78116  |r 2015-02-20  |s 2015-02-10  |w 2012-10-27  |y BK